Optical Fiber Communications / (Record no. 1387)
[ view plain ]
| 000 -LEADER | |
|---|---|
| fixed length control field | 01074nac a22002531u 4500 |
| 008 - FIXED-LENGTH DATA ELEMENTS--GENERAL INFORMATION | |
| fixed length control field | 110704t2000 -us|||||r|||| 001 0 eng d |
| 010 ## - LIBRARY OF CONGRESS CONTROL NUMBER | |
| LC control number | 99037108 |
| 020 ## - INTERNATIONAL STANDARD BOOK NUMBER | |
| International Standard Book Number | 0071164685 |
| 020 ## - INTERNATIONAL STANDARD BOOK NUMBER | |
| International Standard Book Number | 9780071164689 |
| 082 00 - DEWEY DECIMAL CLASSIFICATION NUMBER | |
| Classification number | 621.38275 |
| Item number | KEI |
| 100 ## - MAIN ENTRY--PERSONAL NAME | |
| Personal name | Keiser, Gerd. |
| 9 (RLIN) | 26095 |
| 245 10 - TITLE STATEMENT | |
| Title | Optical Fiber Communications / |
| Statement of responsibility, etc | Gerd Keiser |
| 250 ## - EDITION STATEMENT | |
| Edition statement | 3rd ed. |
| 260 ## - PUBLICATION, DISTRIBUTION, ETC. (IMPRINT) | |
| Place of publication, distribution, etc | Boston, MA : |
| Name of publisher, distributor, etc | McGraw-Hill, 2000 |
| Date of publication, distribution, etc | 2000. |
| 300 ## - PHYSICAL DESCRIPTION | |
| Extent | xxi, 602 p. : |
| Other physical details | ill. ; |
| Dimensions | 25 cm. + |
| Accompanying material | 1 CD-ROM (4 3/4 in.) |
| 440 #0 - | |
| -- | McGraw-Hill series in electrical and computer engineering. |
| -- | 26096 |
| 504 ## - BIBLIOGRAPHY, ETC. NOTE | |
| Bibliography, etc | Includes bibliographical references. |
| 538 ## - SYSTEM DETAILS NOTE | |
| System details note | System requirements for computer laser optical disc: IBM PC with 200 MHz processor, 64 MB of RAM and Windows95, Windows98, or Windows NT. |
| 650 #0 - SUBJECT ADDED ENTRY--TOPICAL TERM | |
| Topical term or geographic name as entry element | Fiber optics. |
| 9 (RLIN) | 26098 |
| 650 #0 - SUBJECT ADDED ENTRY--TOPICAL TERM | |
| 9 (RLIN) | 26097 |
| Topical term or geographic name as entry element | Optical communications |
| 856 42 - ELECTRONIC LOCATION AND ACCESS | |
| Materials specified | Publisher description |
| Uniform Resource Identifier | <a href="http://www.loc.gov/catdir/description/mh023/99037108.html">http://www.loc.gov/catdir/description/mh023/99037108.html</a> |
| 856 42 - ELECTRONIC LOCATION AND ACCESS | |
| Materials specified | Table of contents |
| Uniform Resource Identifier | <a href="http://www.loc.gov/catdir/toc/mh023/99037108.html">http://www.loc.gov/catdir/toc/mh023/99037108.html</a> |
| 942 ## - ADDED ENTRY ELEMENTS (KOHA) | |
| Item type | Book - Borrowing |
| Call number prefix | 621.38275 KEI |
| Source of classification or shelving scheme | Dewey Decimal Classification |
| Withdrawn status | Item status | Source of classification or shelving scheme | Damaged status | Not for loan | Vendor | Home library | Current library | Shelving location | Date acquired | Source of acquisition | Cost, normal purchase price | Total Checkouts | Total Renewals | Full call number | Barcode | Date last seen | Date last borrowed | Cost, replacement price | Koha item type | Materials specified (bound volume or other part) |
|---|---|---|---|---|---|---|---|---|---|---|---|---|---|---|---|---|---|---|---|---|
| Dewey Decimal Classification | Central Library | Central Library | First floor | 06/09/2006 | 180.00 | 10 | 43 | 621.38275 KEI | 000003066 | 15/07/2025 | 23/02/2016 | 225.00 | Book - Borrowing | |||||||
| Dewey Decimal Classification | Baccah | Central Library | Central Library | First floor | 11/07/2010 | 180.00 | 621.38275 KEI | 000021466 | 24/08/2022 | 225.00 | CD | DVD - With book | Lost In Inventory_2015-8-23 |